Quizzes
Events
Quiz Creation
Community
Videos
Private Events
Remove Ads
Sign In
Join for FREE
Feedback
Dark Mode
Quiz Categories
Sports
Geography
Music
Movies
Television
Just For Fun
Miscellaneous
History
Literature
Language
Science
Gaming
Entertainment
Religion
Holiday
For Kids
Quiz Lab
Recent
Popular Today
Quiz Kudos Today
Editor Picks
Curator Picks
Quizzes by...
Day
Popularity
Type
Ratings
Length
Year
Community
Subscriptions
Recent Discussions
Orange Saloon
Badges
Playlists
Quests
Create
Leaderboards
Showdown
Live 5
Trivia Bingo
Activity
Puzzle Library
Sporcle Events
Private Events
Virtual Trivia
Globe League
Become a Host
Pub Owners
SporcleCon
Opinionation
Our Games
Videos
Blog
Mobile Apps
Partnerships
Remove Ads and Go Orange
Feedback
Just For Fun
Clickable
Get the Picture
Humor
Quick Pick
Word Ladder
Missing Word
Mixed Word
Blitz
Minefield
This or That
Alphabet
Color
Typing
Sporcle
Puzzle
Word Play
Follow That Line
Logic
Just For Fun
Clickable
Get the Picture
Humor
Quick Pick
Word Ladder
Missing Word
Mixed Word
Blitz
Minefield
This or That
Alphabet
Color
Typing
Sporcle
Puzzle
Word Play
Follow That Line
Logic
Random Quiz
Search Sporcle
×
Quiz Lab
Quiz Lab
Just For Fun
Mixed Word
Type in answers that appear in a list
Type in answers that appear in a list
Classic
Best Score? Go Orange.
Word Scramble 1 Stats
Can you name the unscrambled words?
By
wazariia
7m
21 Questions
67 Plays
67 Plays
67 Plays
Comments
Comments
Give Quiz Kudos
Give Quiz Kudos
-
- Ratings
hide this ad
More Info
Replay
Link that replays current quiz
Next Quiz
Link to next quiz in quiz playlist
You Got
0%
They Got
Avg Score
65%
Avg Friend Score
Upgrade to see
Score Distribution
Jump to the score distribution portion of the page
Score
0/21
Timer
07:00
0
Plays Today
Scramble
Word
% Correct
EHT ARCEHCT NI ETH ERY
The Catcher In The Rye
95.5%
DCHIRRA NONXI
Richard Nixon
89.6%
EHWLE FO NFROTEU
Wheel of Fortune
85.1%
RHYAR NRTAUM
Harry Truman
82.1%
NIMLYRA ORONME
Marilyn Monroe
82.1%
YKNEEDN
Kennedy
79.1%
LUAH OSPHO
hula hoops
77.6%
RBIHT ONTLOCR
birth control
74.6%
RDBIEG NO ETH RERIV KIAW
Bridge On The River Kwai
74.6%
TORHN OARKE
North Korea
70.1%
BUCBYH HECCERK
Chubby Checker
68.7%
Scramble
Word
% Correct
CEINCVA
vaccine
64.2%
ESEROWEINH
Eisenhower
61.2%
HGINEMAWY
Hemingway
58.2%
OLURTBE NI TEH EZUS
Trouble in the Suez
58.2%
EAWREATTG
Watergate
55.2%
SLEIV LSRPYEE
Elvis Presley
52.2%
DIYENSLADN
Disneyland
44.8%
KEOLELFECRR
Rockefeller
41.8%
Thing that links them all:
We Didn't Start The Fire by Billy Joel
31.3%
SHCVEUHKRH
Khrushchev
25.4%
Quiz Playlist
Details
Report
Send in Message
Add To Playlist
More Info:
Scrambled items appear in order
Classic:
Type in answers that appear in a list
Last Updated: Feb 16, 2017
Quiz Scoreboard
CHALLENGE
Sign Up to Join the Scoreboard
Show All
Scores
Hide
Comments
May contain spoilers
Recently Published
College Basketball Coaching Resumes
by pancakes188
Sports
9m
Billboard Blitz: Fleetwood Mac
by CooCooCachoo
Music
15s
Presidents Visiting Landmarks
by Hejman
History
7m
More to Explore
Quiz From the Vault
Featured Blog Post
Where Did the Easter Bunny Come From?
hide this ad
You Might Also Like...
Tags
Mixed Word Quiz
scramble
Today's Top Quizzes in Just For Fun
Browse Just For Fun
hide this ad
Today's Top Quizzes in Mixed Word
Browse Mixed Word
Top Contributed Quizzes in Just For Fun
1
Killer Double Trees 224 - Colour Match-Up
2
Spring Typing Challenge
3
Name Just One - 10 to 1: Just For Fun
4
Crossword Whiteout! 49
5
Zeroing In: Just For Fun
6
Survivor Winners Logic Puzzle
7
Word Ladder: Ahoy Matey
8
Word Ladder: Wilderness Weapon
9
Harry Potter Logic - 'In Chains' II
10
Kyle's 122nd Triple Trees
Explore More
Trending Topics
Disney
Harry Potter
Anime
Kpop
NBA
Crossword
Marvel
Country
Soccer
NFL
Pokémon
Puzzle
The Office
Song
WWE
hide this ad
More By:
wazariia
Quiz
Plays
Rating
Category
Featured
Created
Word Ladder 1
212
4.50
Just For Fun
Mar 12, 2011
Word Ladder 2
129
4.00
Just For Fun
Mar 12, 2011
Worst Funeral Songs
104
1.00
Just For Fun
Mar 3, 2011
Word Scramble 1
67
5.00
Just For Fun
Mar 16, 2011
Go to Creator's Profile
Score Distribution
Quiz Creator Spotlight
wazariia
Follow
Send a Message
Quizzes Created
-
Created Quiz Play Count
-
More By This Creator
Popular Quizzes Today
1
Find the US States - No Outlines Minefield
2
Find the Countries of Europe - No Outlines Minefield
3
The Countries of the World
4
Find the US States
5
Risky Map Clicking: Biggest States A-Z
6
US States
7
Popular People in 1961
8
Movies - When Are They Set?
More Just For Fun Quizzes
Missing Word: Spooky Song Lyrics
Published
Trending Quizzes
Risky Map Clicking: Least Populous States A-Z
1-10 Letter G Words
1-10 Letter F Words
Risky Map Clicking: Next State Alphabetically
Risky Map Clicking: Biggest States A-Z
Recently Updated
Leaping Animals
pecheneg
Reality TV Shows (A-Z)
bhenderson79
Rickey Henderson's Hall of Fame Teammates
pecheneg
Champions League XIs: Arsenal
pecheneg
Quick Pick: Celebrities in WWE's Hall of Fame
aduchscher
A-Z Keypad Blitz II
pecheneg
Multiple Oscar Actors
pecheneg
Mystery Phrase Blitz: Oscar 'Best Actors'
pecheneg
F. Scott Fitzgerald Novels
LTH
Pick 3 Villains
ddd62291
Trending Topics
Disney
Harry Potter
Kpop
Anime
NBA
Marvel
Crossword
Country
WWE
Soccer
Pokémon
Song
Puzzle
The Office
NFL
Your Account Isn't Verified!
In order to create a playlist on Sporcle, you need to verify the email address you used during registration. Go to your
Sporcle Settings
to finish the process.
Report this User
Report this user for behavior that violates our
Community Guidelines
.
Details:
Send Report
Go to the Sporcle.com Mobile Site →
Comments